| 000 | 00677nam a22002057a 4500 | ||
|---|---|---|---|
| 999 |
_c2698 _d2698 |
||
| 003 | AR-CdUCM | ||
| 008 | 190305b ||||| |||| 00| 0 spa d | ||
| 040 |
_aMUNICIPALIDAD PROVINCIAL DEL CUSCO _cBIBLIOTECA MUNICIPAL DEL CUSCO |
||
| 082 |
_22ed. _a858.83 / _bAM54 |
||
| 100 |
_aAmicis, Edmondo de _99463 |
||
| 245 |
_aCorazón : _bdiario de un niño / |
||
| 260 |
_aLima : _bUniverso S.A., _c1980. |
||
| 300 |
_a110 páginas ; _c20 5 cm. |
||
| 650 |
_aCuentos italianos _91307 |
||
| 650 |
_aSiglo XIX _9971 |
||
| 650 |
_aCuentos infantiles - Italia _99464 |
||
| 700 |
_aDávila Ortega, Fabio Javier (Adaptación y prólogo) _99465 |
||
| 942 |
_2ddc _cLIBROS |
||
| 945 | _alccs | ||